Airlines that serve Miami (MIA) - Statistics

General Stats
  • This quiz has been taken 138 times
  • The average score is 26 of 54
Answer Stats
Answer % Correct
American Airlines
97%
British Airways
89%
Emirates
89%
Air France
87%
United Airlines
87%
Delta Air Lines
84%
Air Canada
83%
KLM
79%
LATAM
78%
Lufthansa
78%
Aeroméxico
75%
Spirit Airlines
75%
Avianca
73%
Iberia
73%
Frontier Airlines
67%
Southwest Airlines
67%
Turkish Airlines
67%
Aer Lingus
65%
JetBlue
65%
Alaska Airlines
63%
Qatar Airways
63%
Copa Airlines
59%
El Al
52%
Virgin Atlantic
52%
Finnair
49%
ITA Airways
49%
TAP Air Portugal
49%
Aerolíneas Argentinas
46%
Caribbean Airlines
43%
Scandinavian Airlines
43%
Volaris
43%
Icelandair
41%
Swiss International Air Lines
35%
Bahamasair
33%
LOT Polish Airlines
33%
Sun Country Airlines
33%
Viva
33%
Condor
32%
Air Europa
30%
Royal Air Maroc
29%
Boliviana de Aviación
24%
Cayman Airways
22%
Level
19%
French Bee
17%
Norse Atlantic Airways
17%
Arajet
14%
RED Air
14%
Surinam Airways
13%
Porter Airlines
11%
Gol Linhas Aéreas
10%
Sky High
3%
Sky Airline Peru
2%
Havana Air
0%
Sunrise Airways
0%
No matching quizzes found
Score Distribution
Percent of People with Each Score
Percentile by Number Answered
Your Score History
You have not taken this quiz